[Event "9. Lichtenberger Sommer"]
[Site "Berlin"]
[Date "2010.08.10"]
[Round "4.73"]
[White "Schulz, Toni"]
[Black "Mako, Attila"]
[Result "1-0"]
[WhiteElo "1857"]
[BlackElo "1747"]
[PlyCount "113"]
[EventDate "2010.??.??"]
[WhiteTeam "ESV Lok Raw Cottbus e.V."]
[BlackTeam "BSC Rehberge 1945 e.V."]

1. d4 d5 2. Nf3 Nf6 3. Bf4 e6 4. e3 Bd6 5. Bxd6 cxd6 6. c4 dxc4 7. Bxc4 d5 8.
Bd3 O-O 9. Nc3 a6 10. Rc1 Bd7 11. O-O Nc6 12. Ne5 Be8 13. f4 Nd7 14. Nxc6 bxc6
15. Na4 Nb8 16. Nc5 Qd6 17. Rf3 f5 18. Rh3 Rf6 19. g4 Bg6 20. g5 Rf7 21. Rg3
Re7 22. Qe2 a5 23. Bc2 Nd7 24. Ba4 Nb8 25. Rg2 Rc7 26. Qe1 Qe7 27. a3 Bh5 28.
Rc3 Na6 29. Rgc2 Nb8 30. Nd3 Be8 31. Ne5 Ra6 32. Rc5 g6 33. Rxa5 Rxa5 34. Qxa5
Ra7 35. Qb6 Rb7 36. Qc5 Qxc5 37. dxc5 Ra7 38. Bb3 Ra5 39. Rc3 Na6 40. Nd3 Nc7
41. a4 Bd7 42. Bd1 Ra8 43. Rb3 Bc8 44. Rb6 Ra6 45. Ne5 Rxb6 46. cxb6 Na8 47. a5
c5 48. Nc6 Kf8 49. Nd8 Ke8 50. b7 Bxb7 51. Nxb7 c4 52. Ba4+ Ke7 53. a6 e5 54.
fxe5 Ke6 55. Nc5+ Kxe5 56. Bc6 Nb6 57. Nd7+ 1-0

[Event "9. Lichtenberger Sommer"]
[Site "Berlin"]
[Date "2010.08.10"]
[Round "4.74"]
[White "Badestein, Hartmut"]
[Black "Mühlhan, Klaus"]
[Result "1-0"]
[WhiteElo "2159"]
[BlackElo "1932"]
[PlyCount "95"]
[EventDate "2010.??.??"]
[WhiteTeam "SC Friesen Lichtenberg e.V."]
[BlackTeam "SC Empor Potsdam 1952 e.V."]

1. e4 e5 2. Nf3 Nc6 3. Bb5 a6 4. Ba4 Nf6 5. d3 d6 6. c3 Be7 7. Nbd2 O-O 8. O-O
Bg4 9. h3 Bh5 10. Re1 b5 11. Bc2 Qd7 12. Nf1 Rfe8 13. Ng3 Bg6 14. d4 Rad8 15.
a4 exd4 16. cxd4 Nb4 17. Bb1 c5 18. Bd2 Nc6 19. d5 Ne5 20. Bf4 Bf8 21. Nh4 Qb7
22. Bc2 Nfd7 23. Nhf5 h6 24. Qe2 c4 25. Bd2 Nc5 26. f4 Ned3 27. Bxd3 Nxd3 28.
Qg4 Kh7 29. Re2 b4 30. Be3 Bxf5 31. Nxf5 Qd7 32. Qf3 g6 33. Nd4 Bg7 34. Rd1
Qxa4 35. b3 Qd7 36. bxc4 Bxd4 37. Bxd4 Nc5 38. Rf1 a5 39. h4 a4 40. h5 Nb3 41.
hxg6+ fxg6 42. Bb2 Rc8 43. e5 Rxc4 44. exd6 Na5 45. Rfe1 Rxe2 46. Qxe2 Qxd6 47.
Qe8 Rc7 48. Qh8# 1-0

[Event "9. Lichtenberger Sommer"]
[Site "Berlin"]
[Date "2010.08.10"]
[Round "4.75"]
[White "Junge, Wolfgang"]
[Black "Tolle, Gerd"]
[Result "1-0"]
[WhiteElo "1745"]
[BlackElo "1500"]
[PlyCount "75"]
[EventDate "2010.??.??"]
[WhiteTeam "SC Friesen Lichtenberg e.V."]
[BlackTeam "SV Gundeldingen"]

1. d4 d5 2. c4 c6 3. Nf3 Nf6 4. Nc3 e6 5. e3 Be7 6. Bd3 dxc4 7. Bxc4 O-O 8. O-O
Nbd7 9. Bd2 Nb6 10. Be2 Nbd5 11. Nxd5 exd5 12. Qc2 Ne4 13. Bd3 f5 14. Rfc1 Bd6
15. Be1 Qe7 16. Nd2 Bd7 17. f3 Nxd2 18. Qxd2 Rae8 19. Bf2 Rf6 20. Bh4 Qf7 21.
Bxf6 Qxf6 22. a3 Qh6 23. f4 Kf7 24. g3 Qf6 25. b4 a6 26. Re1 h5 27. Qd1 Qg6 28.
Be2 Rh8 29. Kf2 Be7 30. Rg1 h4 31. g4 h3 32. g5 Ke6 33. Rg3 Be8 34. Bf1 Qf7 35.
Rxh3 Qg8 36. Rxh8 Qxh8 37. Kg3 Bh5 38. Be2 1-0

[Event "9. Lichtenberger Sommer"]
[Site "Berlin"]
[Date "2010.08.10"]
[Round "4.76"]
[White "Yilmaz, Rahmi"]
[Black "Lang, Martin"]
[Result "0-1"]
[WhiteElo "1556"]
[BlackElo "1945"]
[PlyCount "66"]
[EventDate "2010.??.??"]
[WhiteTeam "BSC Rehberge 1945 e.V."]
[BlackTeam "SC Zugzwang 95 e.V."]

1. d4 Nf6 2. c4 g6 3. Nc3 Bg7 4. Bf4 d6 5. g3 Nbd7 6. Bg2 e5 7. dxe5 dxe5 8.
Bg5 h6 9. Bd2 c6 10. e3 Nc5 11. Bf1 e4 12. Qc2 O-O 13. O-O-O Bg4 14. Re1 Qb6
15. h3 Be6 16. f4 exf3 17. Nxf3 Rad8 18. Nd4 Bf5 19. Nxf5 gxf5 20. Be2 Nfe4 21.
Nxe4 Nxe4 22. Bd3 Rxd3 23. Rh2 Rfd8 24. Ree2 Nxd2 25. Rxd2 Qxe3 26. Rhe2 Qg1+
27. Qd1 Qxd1+ 28. Kxd1 Rxd2+ 29. Rxd2 Rxd2+ 30. Kxd2 Bxb2 31. Ke3 Kg7 32. Kd3
h5 33. c5 Be5 0-1

[Event "9. Lichtenberger Sommer"]
[Site "Berlin"]
[Date "2010.08.10"]
[Round "4.77"]
[White "Toumbeli, Zoi"]
[Black "Laurin, Dirk"]
[Result "0-1"]
[WhiteElo "1994"]
[BlackElo "1339"]
[PlyCount "42"]
[EventDate "2010.??.??"]
[WhiteTeam "Patras Chess Club"]
[BlackTeam "SG Narva Berlin e.V."]

1. Nf3 d5 2. d4 Nf6 3. c3 Nc6 4. Bg5 Ne4 5. Bh4 g6 6. Nbd2 Bf5 7. Qb3 Qc8 8.
Qxd5 Nxd2 9. Nxd2 Be6 10. Qf3 h5 11. h3 Qd7 12. e4 Bh6 13. Qe2 Nxd4 14. cxd4
Qxd4 15. Qb5+ c6 16. Qd3 Qxb2 17. Rb1 Bxd2+ 18. Ke2 Qxa2 19. Rxb7 Bg5+ 20. Kf3
Bxh4 21. Qc3 Qxf2# 0-1

[Event "9. Lichtenberger Sommer"]
[Site "Berlin"]
[Date "2010.08.10"]
[Round "4.78"]
[White "Mildenberger, Hans"]
[Black "Körner, Helmut"]
[Result "0-1"]
[WhiteElo "1625"]
[BlackElo "1965"]
[PlyCount "48"]
[EventDate "2010.??.??"]
[WhiteTeam "BVG Helmholz"]
[BlackTeam "Sfr.Nord-Ost Berlin"]

1. d4 Nf6 2. c4 e5 3. d5 Bc5 4. e3 d6 5. Nc3 O-O 6. h3 e4 7. Nge2 c6 8. Ng3 Re8
9. Qc2 Qe7 10. Be2 Qe5 11. O-O h5 12. Rd1 h4 13. Nf1 Bf5 14. a3 a5 15. Rb1 Na6
16. dxc6 bxc6 17. Qa4 d5 18. cxd5 cxd5 19. Qxa5 Bxh3 20. gxh3 Qg5+ 21. Kh1 Qf5
22. Kg2 Re6 23. Bxa6 Nh5 24. Qxc5 Qf3+ 0-1

[Event "9. Lichtenberger Sommer"]
[Site "Berlin"]
[Date "2010.08.10"]
[Round "4.79"]
[White "Kapp, Frank"]
[Black "Kammler, Hans-Joachim"]
[Result "1-0"]
[WhiteElo "1881"]
[BlackElo "1292"]
[PlyCount "135"]
[EventDate "2010.??.??"]
[WhiteTeam "TSV IFA Chemnitz"]
[BlackTeam "SG Eckturm"]

1. d4 f5 2. g3 Nf6 3. Bg2 e6 4. Nf3 Be7 5. O-O Nc6 6. c4 d5 7. b3 Rb8 8. Ba3 b5
9. Bxe7 Nxe7 10. c5 O-O 11. b4 c6 12. Ne5 Nd7 13. f4 Bb7 14. Nd2 Nxe5 15. dxe5
Qe8 16. Nb3 Rd8 17. Na5 Ba8 18. Qb3 Rd7 19. Rad1 Kh8 20. Rd4 Qg6 21. Ra1 Rb8
22. a4 a6 23. axb5 axb5 24. Qc3 Qf7 25. Rd2 Rbd8 26. Nb3 Bb7 27. Nd4 Nc8 28.
Bf1 Rc7 29. Ra5 Qd7 30. e3 Ne7 31. Qa1 Qc8 32. Rda2 g6 33. Be2 Ng8 34. g4 Rg7
35. g5 h6 36. Nf3 h5 37. Qd1 Ne7 38. Ra7 Kh7 39. Nd4 Ng8 40. Qe1 Re7 41. Qh4
Qd7 42. Bxh5 gxh5 43. g6+ Kg7 44. Rxb7 Qxb7 45. Nxe6+ Rxe6 46. Qxd8 Rxg6+ 47.
Rg2 Rxg2+ 48. Kxg2 Kh8 49. h3 Qe7 50. Qd6 Qg7+ 51. Kf2 h4 52. Qxc6 Qg3+ 53. Ke2
Qxh3 54. Qxd5 Qg4+ 55. Kf1 h3 56. c6 h2 57. Qh1 Qh3+ 58. Kf2 Ne7 59. c7 Kg8 60.
Qg2+ Qxg2+ 61. Kxg2 Kf7 62. Kxh2 Ke6 63. Kg3 Kd5 64. Kf3 Kc4 65. e4 fxe4+ 66.
Kxe4 Kxb4 67. f5 Kc4 68. f6 1-0

[Event "9. Lichtenberger Sommer"]
[Site "Berlin"]
[Date "2010.08.10"]
[Round "4.80"]
[White "Schild, Reinhard"]
[Black "Metin, Altug"]
[Result "1-0"]
[WhiteElo "1696"]
[BlackElo "1748"]
[PlyCount "103"]
[EventDate "2010.??.??"]
[WhiteTeam "SG Weißensee 49 e.V."]
[BlackTeam "vereinslos"]

1. d4 d5 2. Nf3 c5 3. c3 Nf6 4. e3 Nc6 5. Bd3 e6 6. Nbd2 cxd4 7. exd4 Bd6 8.
O-O O-O 9. Re1 Bd7 10. Qe2 e5 11. dxe5 Nxe5 12. Nxe5 Bxe5 13. h3 Re8 14. Qd1
Qb6 15. Nf3 Bd6 16. Nd4 Bc5 17. Bc2 Bxd4 18. Rxe8+ Rxe8 19. cxd4 Qb4 20. Be3
Qxb2 21. Rb1 Qxa2 22. Rxb7 Be6 23. Bb3 Qa6 24. Rb4 Ne4 25. Bd2 Qd3 26. Be3 Qc3
27. Ra4 Qc7 28. Qa1 Ra8 29. Ra5 Nf6 30. Rc5 Qb6 31. Bc2 a5 32. Ba4 Ne4 33. Rb5
Qc7 34. Qb2 h6 35. Rb3 Qc4 36. Bb5 Qc7 37. Bd3 Nd6 38. Rc3 Nc4 39. Qc2 a4 40.
Bc1 Qa5 41. Ba3 Rb8 42. f4 Rb3 43. Rxb3 axb3 44. Qxb3 Qxa3 45. Qb8+ Qf8 46.
Bh7+ Kxh7 47. Qxf8 Ne3 48. Qc5 Nf5 49. g4 Ne3 50. Kf2 Nd1+ 51. Ke2 Nb2 52. Qc2+
1-0

[Event "9. Lichtenberger Sommer"]
[Site "Berlin"]
[Date "2010.08.10"]
[Round "4.81"]
[White "Winz, Michael"]
[Black "Perestjuk, Marko"]
[Result "0-1"]
[WhiteElo "1697"]
[BlackElo "1918"]
[PlyCount "74"]
[EventDate "2010.??.??"]
[WhiteTeam "SC Friesen Lichtenberg e.V."]
[BlackTeam "SC Zitadelle Spandau 1977 e.V."]

1. d4 d5 2. Nf3 e6 3. c4 c6 4. Nc3 dxc4 5. a4 Bb4 6. e3 b5 7. Bd2 a5 8. axb5
Bxc3 9. Bxc3 cxb5 10. d5 Nf6 11. dxe6 Qxd1+ 12. Rxd1 Bxe6 13. Nd4 Bd7 14. Be2
O-O 15. O-O Rc8 16. Rc1 Ra7 17. Bd2 Ne4 18. Be1 Nd6 19. Ra1 a4 20. Bb4 Nf5 21.
Nxf5 Bxf5 22. Bf3 Na6 23. Bc3 Rd7 24. Rfd1 Bd3 25. Bg4 f5 26. Bf3 Nc5 27. h3
Kf7 28. Bd4 Nb3 29. Ra3 Nxd4 30. exd4 Rxd4 31. Raa1 Rdd8 32. Rd2 Be4 33. Rxd8
Rxd8 34. Rd1 Rxd1+ 35. Bxd1 a3 36. bxa3 c3 37. Bb3+ Kf6 0-1

[Event "9. Lichtenberger Sommer"]
[Site "Berlin"]
[Date "2010.08.10"]
[Round "4.82"]
[White "Roth, Joachim"]
[Black "Scheck, Gero"]
[Result "1-0"]
[WhiteElo "1895"]
[BlackElo "1267"]
[PlyCount "73"]
[EventDate "2010.??.??"]
[WhiteTeam "SG Bund"]
[BlackTeam "TSG Oberschöneweide e.V."]

1. d4 Nf6 2. Nf3 d5 3. e3 Bg4 4. c4 e6 5. Qb3 b6 6. Nc3 Be7 7. Ne5 Bf5 8. cxd5
exd5 9. Bb5+ Bd7 10. Nxd7 Nbxd7 11. Nxd5 O-O 12. Nxe7+ Qxe7 13. Bd2 c5 14. O-O
Qd6 15. Bc3 Ng4 16. g3 Qh6 17. h4 Ndf6 18. Be2 g5 19. Qd1 gxh4 20. Bxg4 hxg3
21. fxg3 Qxe3+ 22. Kg2 Qg5 23. Rxf6 Qxf6 24. d5 Qg5 25. d6 Rad8 26. d7 f5 27.
Bh5 Qe7 28. Qd5+ Rf7 29. Bxf7+ Qxf7 30. Qe5 Kf8 31. Qh8+ Ke7 32. Re1+ Kxd7 33.
Rd1+ Kc6 34. Qxd8 Qb7 35. Qd5+ Kc7 36. Qxb7+ Kxb7 37. Rd7+ 1-0

[Event "9. Lichtenberger Sommer"]
[Site "Berlin"]
[Date "2010.08.10"]
[Round "4.83"]
[White "Möller, Dirk"]
[Black "Lieder, Günter"]
[Result "1-0"]
[WhiteElo "1621"]
[BlackElo "1868"]
[PlyCount "70"]
[EventDate "2010.??.??"]
[WhiteTeam "SC Kreuzberg e.V."]
[BlackTeam "SK Turm Bad Hersfeld"]

1. e4 c5 2. Nf3 Nc6 3. d4 cxd4 4. Nxd4 d6 5. Nc3 e6 6. Be2 Be7 7. Be3 Nf6 8.
Qd2 a6 9. g4 h6 10. O-O-O Qc7 11. g5 hxg5 12. Bxg5 Bd7 13. f4 O-O-O 14. Kb1 Rh3
15. Bf1 Rxc3 16. Bxf6 Bxf6 17. bxc3 Qb6+ 18. Ka1 Qc5 19. Bg2 Na5 20. Rb1 Bc6
21. Qd3 Qa3 22. Rb2 Rd7 23. Nb3 Rc7 24. Nd4 Bd7 25. Ne2 Bb5 26. Rxb5 axb5 27.
e5 dxe5 28. Qxb5 exf4 29. Qe8+ Bd8 30. Rd1 Qe7 31. Qb5 Nc6 32. Rb1 e5 33. Qa4
g5 34. Qa8+ Nb8 35. Bh3+ Rd7 1-0

[Event "9. Lichtenberger Sommer"]
[Site "Berlin"]
[Date "2010.08.10"]
[Round "4.84"]
[White "Fuchs, Jörg"]
[Black "Meinicke, Kurt"]
[Result "0-1"]
[WhiteElo "1873"]
[BlackElo "1120"]
[PlyCount "70"]
[EventDate "2010.??.??"]
[WhiteTeam "SC Kreuzberg e.V."]
[BlackTeam "vereinslos"]

1. e4 e5 2. Nf3 Nc6 3. Bb5 a6 4. Bxc6 dxc6 5. O-O Qf6 6. d4 exd4 7. e5 Qg6 8.
Bf4 Bh3 9. Bg3 Bg4 10. Nbd2 O-O-O 11. h3 Be6 12. Nb3 Ne7 13. Nh4 Qg5 14. Nc5
Bc4 15. Re1 h5 16. b3 Bd5 17. Qd3 g6 18. e6 Nf5 19. Nxf5 gxf5 20. h4 Qf6 21.
Nd7 Qg7 22. Nxf8 Rdxf8 23. e7 Re8 24. Qxf5+ Kb8 25. Qd7 Ka7 26. Qxc7 f5 27. Qe5
Qf7 28. Qxd4+ Ka8 29. Re2 Rh7 30. Rae1 Rg7 31. Qb6 f4 32. Qd8+ Ka7 33. Bxf4
Rxg2+ 34. Kf1 Qxf4 35. f3 Qxf3+ 0-1

[Event "9. Lichtenberger Sommer"]
[Site "Berlin"]
[Date "2010.08.10"]
[Round "4.85"]
[White "Mitschke, Ullrich"]
[Black "Sivakumaran, Ramesh"]
[Result "0-1"]
[WhiteElo "1429"]
[BlackElo "1719"]
[PlyCount "132"]
[EventDate "2010.??.??"]
[WhiteTeam "Queer-Springer SSV Berlin"]
[BlackTeam "SV Empor Berlin e.V."]

1. c4 Nf6 2. g3 g6 3. Bg2 Bg7 4. Nc3 O-O 5. d3 d6 6. Bg5 Nbd7 7. e4 c5 8. Nge2
Rb8 9. Qd2 a6 10. Bh6 b5 11. Bxg7 Kxg7 12. b3 e6 13. h3 Ne5 14. f4 Ned7 15. g4
b4 16. Nd1 e5 17. f5 Bb7 18. Ng3 Nb6 19. g5 Nfd7 20. f6+ Nxf6 21. gxf6+ Qxf6
22. Rf1 Qh4 23. Qf2 Kg8 24. Nh1 Qh6 25. Qe3 Qh4+ 26. Qg3 Qh6 27. Ne3 Kh8 28.
Ng4 Qg7 29. Nf6 a5 30. Qg5 a4 31. h4 Ra8 32. Qc1 Ra7 33. Nd5 Bxd5 34. cxd5 Rfa8
35. Rb1 axb3 36. axb3 f5 37. Nf2 f4 38. Rh1 g5 39. Bf3 gxh4 40. Ke2 Ra2+ 41.
Rb2 R8a3 42. Qc2 Na4 43. bxa4 b3 44. Rxa2 Rxa2 45. Qxa2 bxa2 46. Ra1 c4 47.
dxc4 Qa7 48. Rxa2 Qe3+ 49. Kf1 Qxf3 50. Rb2 h3 51. Rb8+ Kg7 52. Rb7+ Kh6 53.
Rb6 h2 54. Rxd6+ Kg5 55. Ke1 h1=Q+ 56. Nxh1 Qxh1+ 57. Kd2 f3 58. Rd8 f2 59. Rf8
f1=Q 60. Rxf1 Qxf1 61. Kc3 Qe1+ 62. Kb3 Qb1+ 63. Kc3 Qxe4 64. Kb4 Qb1+ 65. Kc5
Qa2 66. Kb5 Qb3+ 0-1

[Event "9. Lichtenberger Sommer"]
[Site "Berlin"]
[Date "2010.08.10"]
[Round "4.86"]
[White "Lachmann, Daniel"]
[Black "Koppitz, Sebastian"]
[Result "1-0"]
[WhiteElo "1756"]
[BlackElo "1059"]
[PlyCount "53"]
[EventDate "2010.??.??"]
[WhiteTeam "SV Empor Berlin e.V."]
[BlackTeam "TSG Rot-Weiß Fredersdorf/Vogelsd"]

1. e4 c5 2. Nf3 d6 3. d4 cxd4 4. Nxd4 Nf6 5. Nc3 g6 6. f3 Bg7 7. Be3 Bd7 8. Qd2
Nc6 9. O-O-O a6 10. g4 Rc8 11. Be2 Nxd4 12. Bxd4 Qa5 13. Kb1 Be6 14. a3 O-O 15.
Nd5 Qd8 16. Nxf6+ exf6 17. Bc3 Rc6 18. h4 Qc7 19. g5 f5 20. Bxg7 Kxg7 21. h5
Qd8 22. Bd3 d5 23. Qh2 Qxg5 24. Rdg1 Qh6 25. exf5 Bd7 26. fxg6 fxg6 27. Qe5+
1-0

[Event "9. Lichtenberger Sommer"]
[Site "Berlin"]
[Date "2010.08.10"]
[Round "4.87"]
[White "Petersen, Moritz"]
[Black "Getzuhn, Detlef"]
[Result "0-1"]
[WhiteElo "1287"]
[BlackElo "1934"]
[PlyCount "38"]
[EventDate "2010.??.??"]
[WhiteTeam "KSC Strausberg Abt. Schach"]
[BlackTeam "SV Senat"]

1. d4 d5 2. e3 c5 3. b3 Bf5 4. Nf3 e6 5. Be2 Nc6 6. Bb2 Nf6 7. O-O cxd4 8. exd4
Bd6 9. Ne5 O-O 10. a3 Qc7 11. f4 Rac8 12. Bd3 Bxd3 13. Qxd3 Ne7 14. Rf2 Ne4 15.
Re2 f6 16. Nf3 Bxf4 17. c3 g5 18. h3 h5 19. Nfd2 Bh2+ 0-1

[Event "9. Lichtenberger Sommer"]
[Site "Berlin"]
[Date "2010.08.10"]
[Round "4.88"]
[White "Hübner, Alan-Ari"]
[Black "Albinus, Günter"]
[Result "0-1"]
[WhiteElo "1558"]
[BlackElo "1847"]
[PlyCount "98"]
[EventDate "2010.??.??"]
[WhiteTeam "TuS Makkabi Berlin e.V."]
[BlackTeam "SG Weißensee 49 e.V."]

1. d4 Nf6 2. c4 e6 3. Nc3 d5 4. cxd5 exd5 5. Bg5 Be7 6. e3 c6 7. Bd3 Nbd7 8.
Nge2 Nf8 9. Qc2 Ng6 10. O-O-O Ng4 11. Bxe7 Qxe7 12. Ng3 Be6 13. h3 Nf6 14. Nf5
Qf8 15. g4 O-O-O 16. f3 Kb8 17. h4 Ne7 18. g5 Nxf5 19. Bxf5 Bxf5 20. Qxf5 Ne8
21. Rhe1 Nc7 22. Qf4 Kc8 23. e4 h6 24. e5 Qe7 25. Qg4+ Qe6 26. Rg1 Qxg4 27.
Rxg4 Ne6 28. g6 Rhf8 29. Ne2 Rd7 30. h5 fxg6 31. Rxg6 Re7 32. Rg3 Ref7 33. Rd3
Rf5 34. Rg6 Kd7 35. Rb3 b6 36. Ra3 a5 37. Rc3 Rc8 38. Ng3 Rf7 39. Ne2 Re8 40.
Kd2 Rf5 41. Ng3 Rf7 42. Ne2 Ree7 43. Ke3 Rf8 44. Ng3 c5 45. Ne2 Rf5 46. Rb3
cxd4+ 47. Nxd4 Rxe5+ 48. Kd3 Nc5+ 49. Kc2 Nxb3 0-1

[Event "9. Lichtenberger Sommer"]
[Site "Berlin"]
[Date "2010.08.10"]
[Round "4.89"]
[White "Berg, Gerd"]
[Black "Kiesewetter, Peter"]
[Result "0-1"]
[WhiteElo "1677"]
[BlackElo "1887"]
[PlyCount "90"]
[EventDate "2010.??.??"]
[WhiteTeam "SK König Tegel 1949 e.V."]
[BlackTeam "SC Schwarz-Weiß Lichtenrade e.V."]

1. c4 Nf6 2. Nc3 e5 3. d3 d5 4. cxd5 Nxd5 5. Bd2 c5 6. a3 Nc6 7. Rb1 Be6 8. Nf3
Be7 9. e4 Nb6 10. Na4 O-O 11. b4 cxb4 12. axb4 f6 13. Nc5 Qc8 14. Nxe6 Qxe6 15.
Qb3 Qxb3 16. Rxb3 Rfd8 17. Be2 Rac8 18. O-O g5 19. g4 h5 20. gxh5 g4 21. Nh4
Nd4 22. Bxg4 Nxb3 23. Be6+ Kh7 24. Bf5+ Kg7 25. h6+ Kf7 26. Bg6+ Ke6 27. Bf5+
Kd6 28. Bxc8 Nxd2 29. Nf5+ Kc7 30. Rc1+ Kb8 31. Nxe7 Nf3+ 32. Kh1 Ng5 33. h4
Nf7 34. h7 Nxc8 35. Rxc8+ Rxc8 36. Nxc8 Kxc8 37. Kg2 Kd7 38. Kf3 Ke7 39. Kg4
Kf8 40. Kf5 Kg7 41. Ke6 Nd8+ 42. Kd7 Nc6 43. b5 Nd4 44. Kc7 Nxb5+ 45. Kxb7 a5
0-1

[Event "9. Lichtenberger Sommer"]
[Site "Berlin"]
[Date "2010.08.10"]
[Round "4.90"]
[White "Reichert, Lutz"]
[Black "Bullig, Reinhard"]
[Result "0-1"]
[WhiteElo "1778"]
[BlackElo "1717"]
[PlyCount "136"]
[EventDate "2010.??.??"]
[WhiteTeam "Schwarz-Weiß Neukölln e.V."]
[BlackTeam "Sfrd. Berlin 1903 e.V."]

1. g3 d5 2. Bg2 c6 3. d3 Nf6 4. Nf3 Bf5 5. b3 e6 6. Bb2 Bd6 7. Nbd2 O-O 8. O-O
Qe7 9. c4 Nbd7 10. a3 a5 11. h3 h6 12. Ra2 e5 13. cxd5 cxd5 14. Qa1 Rab8 15. a4
Bg6 16. Ba3 Bb4 17. Bxb4 Qxb4 18. Rc1 Rfc8 19. Rac2 Rxc2 20. Rxc2 e4 21. dxe4
Nxe4 22. Nxe4 dxe4 23. Nd4 b6 24. Qc3 Qxc3 25. Rxc3 Nc5 26. Nc6 Re8 27. Kf1 f6
28. Nxa5 Ra8 29. Nc6 Bf7 30. a5 Bxb3 31. Bxe4 Nxe4 32. axb6 Ra1+ 33. Kg2 Bd5
34. Ne7+ Kf7 35. Nxd5 Nxc3 36. Nxc3 Ra3 37. Ne4 Ra4 38. b7 Rb4 39. Kf3 Ke7 40.
Nc5 Kd6 41. Ne4+ Kc6 42. e3 f5 43. b8=N+ Rxb8 44. Nc3 Rb4 45. Ne2 Kd5 46. Nf4+
Kd6 47. h4 g5 48. hxg5 hxg5 49. Nd3 Rb3 50. Ke2 Kd5 51. Kd2 Ra3 52. Ke2 Kd6 53.
Kd2 Kd5 54. f4 g4 55. Nf2 Ra2+ 56. Ke1 Ra1+ 57. Kd2 Rg1 58. e4+ fxe4 59. Nxg4
Rxg3 60. Ne3+ Kc5 61. Ke2 Rf3 62. f5 Kd4 63. Nc2+ Ke5 64. Ne3 Kf4 65. Nc2 Kg3
66. Ne3 Rf2+ 67. Ke1 Kf3 68. Nd5 e3 0-1

[Event "9. Lichtenberger Sommer"]
[Site "Berlin"]
[Date "2010.08.10"]
[Round "4.91"]
[White "Junghänel, Dieter"]
[Black "Heyne, Klaus"]
[Result "1-0"]
[WhiteElo "1714"]
[BlackElo "1479"]
[PlyCount "91"]
[EventDate "2010.??.??"]
[WhiteTeam "SV Motor Wildau e.V."]
[BlackTeam "SV Berolina Mitte e.V."]

1. b4 e5 2. Bb2 d6 3. e3 Nf6 4. Nf3 Bg4 5. Be2 Bxf3 6. Bxf3 Nc6 7. b5 Na5 8.
Bc3 Nc4 9. d3 Nb6 10. Bxb7 Rb8 11. Bc6+ Nbd7 12. e4 Be7 13. a4 O-O 14. Bd2 Nb6
15. a5 Nbd7 16. c4 Nc5 17. Be3 h5 18. h3 Nh7 19. Nc3 Bg5 20. Nd5 Bxe3 21. Nxe3
Ne6 22. Qxh5 Qg5 23. Qxg5 Nhxg5 24. h4 Nh7 25. a6 Nd4 26. Bb7 Nf6 27. Ra2 Nd7
28. Nd5 Nc5 29. Ne7+ Kh7 30. Nc6 Nxd3+ 31. Kd2 Nxc6 32. Bxc6 Nb4 33. Ra3 Nxc6
34. bxc6 Rb6 35. Kc3 Rxc6 36. Rb1 Rb6 37. Rbb3 f5 38. exf5 Rxf5 39. Rxb6 cxb6
40. Ra2 Rf4 41. g3 Rf3+ 42. Kb4 Rd3 43. Kb5 Rb3+ 44. Kc6 Rc3 45. Kb7 Rxc4 46.
Kxa7 1-0

[Event "9. Lichtenberger Sommer"]
[Site "Berlin"]
[Date "2010.08.10"]
[Round "4.92"]
[White "Bauer, Stefan"]
[Black "Schmitt, Jens-Ole"]
[Result "0-1"]
[WhiteElo "1684"]
[BlackElo "1339"]
[PlyCount "74"]
[EventDate "2010.??.??"]
[WhiteTeam "SC Kreuzberg e.V."]
[BlackTeam "SG Narva Berlin e.V."]

1. Nf3 Nf6 2. d4 e6 3. Bg5 Be7 4. Nbd2 d6 5. e4 Nbd7 6. Be2 O-O 7. O-O b6 8. c4
Bb7 9. d5 exd5 10. cxd5 Nxd5 11. Bxe7 Nxe7 12. Ng5 Ng6 13. Nh3 Nf6 14. f3 d5
15. Qa4 dxe4 16. Nxe4 Nxe4 17. fxe4 Qd2 18. Bf3 Qxb2 19. Rae1 c5 20. Qd7 Qd4+
21. Qxd4 cxd4 22. Rd1 d3 23. Nf2 Ne5 24. Nxd3 Nxd3 25. Rxd3 Ba6 26. Rd7 Bxf1
27. Kxf1 Rfd8 28. Re7 Rd2 29. e5 Rc8 30. Be2 Rxa2 31. e6 fxe6 32. Rxe6 Kf7 33.
Re4 Rc1+ 34. Kf2 Rcc2 35. Kf3 Rxe2 36. Rxe2 Rxe2 37. Kxe2 Ke6 0-1

[Event "9. Lichtenberger Sommer"]
[Site "Berlin"]
[Date "2010.08.10"]
[Round "4.93"]
[White "Kaufmann, Mathias"]
[Black "Stiemerling, Karl-Heinz"]
[Result "1-0"]
[WhiteElo "1569"]
[BlackElo "1725"]
[PlyCount "105"]
[EventDate "2010.??.??"]
[WhiteTeam "vereinslos"]
[BlackTeam "SG Eckturm"]

1. c4 c5 2. d3 Nc6 3. Nf3 g6 4. Bd2 Bg7 5. Nc3 e6 6. g3 Nge7 7. Bg2 O-O 8. O-O
d5 9. cxd5 exd5 10. e3 Bg4 11. Qa4 Qc8 12. Rab1 d4 13. Nb5 dxe3 14. fxe3 Rd8
15. Qc2 a6 16. Nc3 Nb4 17. Qb3 Nxd3 18. Ng5 c4 19. Qxb7 Qxb7 20. Bxb7 Rab8 21.
Bxa6 Ne5 22. Bc1 f6 23. Nge4 Be6 24. Nxf6+ Kh8 25. Nfe4 Bf5 26. Ra1 Rb6 27.
Bxc4 Nxc4 28. Ng5 Rf6 29. e4 Bh3 30. Rxf6 Rf8 31. Rxf8+ Bxf8 32. Nxh3 h6 33.
Nf4 Bg7 34. Nfd5 Bd4+ 35. Kg2 Nc6 36. Bxh6 Nxb2 37. Rf1 Kh7 38. Be3 Be5 39.
Rf7+ Kg8 40. Rb7 Nc4 41. Bh6 Nd6 42. Ne7+ Nxe7 43. Rxe7 Bxc3 44. Re6 Nf7 45.
Re8+ Kh7 46. Re7 Kg8 47. a4 Nxh6 48. Ra7 Bd4 49. Ra8+ Kf7 50. a5 Ke6 51. a6 Ng4
52. a7 Ne3+ 53. Kf3 1-0

[Event "9. Lichtenberger Sommer"]
[Site "Berlin"]
[Date "2010.08.10"]
[Round "4.94"]
[White "Opitz, Stefanie"]
[Black "Westphal, Julian"]
[Result "0-1"]
[WhiteElo "1156"]
[BlackElo "1698"]
[PlyCount "88"]
[EventDate "2010.??.??"]
[WhiteTeam "TSG Oberschöneweide e.V."]
[BlackTeam "TSG Oberschöneweide e.V."]

1. e4 e6 2. Nc3 d5 3. exd5 exd5 4. d4 Be7 5. Nf3 Bg4 6. Bd3 Nf6 7. Bg5 O-O 8.
O-O c6 9. Re1 Re8 10. Qd2 Bxf3 11. Bxf6 Bxf6 12. Rxe8+ Qxe8 13. Re1 Be4 14.
Bxe4 dxe4 15. Nxe4 Qd8 16. Nd6 Be7 17. Nxb7 Qc7 18. Nc5 Kf8 19. Qe3 Qd8 20. Nb7
Qd7 21. Nc5 Bxc5 22. dxc5 Na6 23. Qa3 Nc7 24. Qd3 Qxd3 25. cxd3 Re8 26. Rxe8+
Kxe8 27. Kf1 Ke7 28. Ke2 Ke6 29. d4 Kd5 30. Kd3 Ne6 31. b4 Nxd4 32. f3 Ne6 33.
Kc3 Nxc5 34. bxc5 Kxc5 35. a4 a5 36. g4 g5 37. h3 h6 38. Kb3 Kd4 39. Kc2 Kc4
40. Kb2 Kd3 41. Kb3 c5 42. Kb2 c4 43. Kb1 c3 44. Kc1 c2 0-1

[Event "9. Lichtenberger Sommer"]
[Site "Berlin"]
[Date "2010.08.10"]
[Round "4.95"]
[White "Völler, Lothar"]
[Black "Paris, Gerhard"]
[Result "0-1"]
[WhiteElo "1533"]
[BlackElo "1654"]
[PlyCount "112"]
[EventDate "2010.??.??"]
[WhiteTeam "Freier Sportverein von 1898 Dort"]
[BlackTeam "TSG Oberschöneweide e.V."]

1. e4 e5 2. Nf3 d6 3. c3 Nf6 4. d4 exd4 5. Qxd4 Be7 6. Be2 O-O 7. O-O Nc6 8.
Qd3 Re8 9. Bg5 b6 10. Nbd2 a5 11. Qc2 Bb7 12. Rad1 h6 13. Bf4 Bf8 14. Bc4 Ba6
15. Rfe1 Bxc4 16. Nxc4 Qc8 17. a3 Nd8 18. b4 axb4 19. cxb4 Ne6 20. Bc1 Nd7 21.
Bb2 Be7 22. a4 Bf6 23. e5 dxe5 24. Ncxe5 Nxe5 25. Nxe5 Ng5 26. f4 Nh7 27. Nc6
Rxe1+ 28. Rxe1 Qa6 29. b5 Qxa4 30. Re8+ Nf8 31. Qxa4 Rxa4 32. Bxf6 gxf6 33. f5
Kg7 34. h3 Ra1+ 35. Kh2 Rb1 36. Re3 Rxb5 37. Rg3+ Kh7 38. Rf3 Nd7 39. g4 Ne5
40. Nxe5 Rxe5 41. Rd3 Re7 42. Rd8 Kg7 43. Kg3 Re3+ 44. Kg2 c5 45. Rc8 Rc3 46.
h4 b5 47. g5 hxg5 48. hxg5 fxg5 49. Rc6 b4 50. Kf2 b3 51. Ke2 c4 52. Kd2 Rc2+
53. Kd1 c3 54. Rc8 Rd2+ 55. Kc1 b2+ 56. Kb1 Rd1+ 0-1